Finančný radca financie a právo pre každého
| New Title: | Finančný radca v ziskových riešeniach |
|---|---|
| Previous Title: | Finančný poradca podnikateľa |
| Other Authors: | |
| Format: | Journal |
| Language: | Slovak |
| PhysicalDescription: | 2 zv. 21 cm |
| Published: |
Žilina
Informačné centrum podnikateľov
1999-2000
|
| ISSN: | 1335-3861 1335-1516 1335-678X |
| Subjects: |
MARC
| LEADER | 00000cas a2200000 a 4500 | ||
|---|---|---|---|
| 001 | vtls008880631 | ||
| 003 | SK-MaSNL | ||
| 005 | 20260228161415.0 | ||
| 008 | 150319c19992000xo zr p 0 0 b0slo | ||
| 022 | |a 1335-3861 | ||
| 035 | |a (SVKBB03)vtls000046375 | ||
| 040 | |a SVKBB |b slo |c SVKBB |d STUSCHK1 |d SNK |e AACR2 | ||
| 041 | 0 | |a slo | |
| 044 | |a xo |c SK | ||
| 072 | 7 | |a 336.7 |x Financie |2 konspekt | |
| 080 | |a 050 |2 2001 | ||
| 080 | |a 336.7:659.23 |2 2001 | ||
| 080 | |a 336 |2 2001 | ||
| 210 | 0 | |a Finanč. radca | |
| 222 | 0 | |a Finančný radca | |
| 245 | 0 | 0 | |a Finančný radca |b financie a právo pre každého |
| 260 | |a Žilina |b Informačné centrum podnikateľov |c 1999-2000 | ||
| 300 | |a 2 zv. |c 21 cm | ||
| 310 | |a 15x ročne | ||
| 362 | 0 | |a Č. 1 (1999)-č. 15 (2000) | |
| 500 | |a Šéfredaktor: 1999-2000, Eva Benková | ||
| 500 | |a Tlač. Neografia, Martin | ||
| 500 | |a Nadviazal na časopis Finančný poradca podnikateľa, pokračuje ako Finančný radca v ziskových riešeniach | ||
| 650 | 0 | 7 | |a financie |2 SNKPH |9 2205 |
| 650 | 0 | 7 | |a finančné poradenstvo |2 SNKPH |9 57383 |
| 655 | 7 | |a odborné časopisy |2 SNKPH |9 70505 | |
| 700 | 1 | |a Benková, Eva |c (ekonómka) |4 pbd |9 227883 | |
| 780 | 0 | 0 | |t Finančný poradca podnikateľa |x 1335-1516 |w vtls008882492 |
| 785 | 0 | 0 | |t Finančný radca v ziskových riešeniach |x 1335-678X |w vtls008881177 |
| 850 | |a Slovenská chemická knižnica v Bratislave | ||
| 910 | |a SCHK95 | ||
| 910 | |a snk | ||
| 916 | |a 1999-2000 | ||
| 999 | |c 5250 |d 7180 | ||
| 952 | |0 0 |1 0 |4 0 |7 0 |a SNK |b SNK |d 2011-02-12 |i snkČSP 430/2002 |l 0 |o snkČSD 2157/2000/2 D1 |p 17A0688597 |r 2026-02-21 19:56:30 |t č. 8-15 |w 2026-02-21 |y PREZ | ||
| 952 | |0 0 |1 0 |4 0 |7 0 |a SNK |b SNK |d 2007-06-28 |i snkČSP 1620/2001 |l 0 |o snkČSD 2157/1999/2 D1 |p 17A0553420 |r 2026-02-21 20:27:54 |t č. 8-15 |w 2026-02-21 |y PREZ | ||
| 952 | |0 0 |1 0 |4 0 |7 0 |a SNK |b SNK |d 2015-02-12 |f 1 |i snkČSP 1619/2001 |l 0 |o snkČSD 2157/1999/2 |p 17A0882377 |r 2026-02-21 21:03:42 |t č. 8-15 |w 2026-02-21 |y PREZ | ||
| 952 | |0 0 |1 0 |4 0 |7 0 |a SNK |b SNK |d 2015-02-12 |f 1 |i snkČSP 1617/2001 |l 0 |o snkČSD 2157/1999/1 |p 17A0882378 |r 2026-02-21 21:03:42 |t č. 1-7 |w 2026-02-21 |y PREZ | ||
| 952 | |0 0 |1 0 |4 0 |7 0 |a SNK |b SNK |d 2015-02-12 |f 1 |i snkČSP 427/2002 |l 0 |o snkČSD 2157/2000/1 |p 17A0882376 |r 2026-02-21 21:03:42 |t č. 1-7 |w 2026-02-21 |y PREZ | ||
| 952 | |0 0 |1 0 |4 0 |7 0 |a SNK |b SNK |d 2002-10-17 |f 1 |i snkČSP 429/2002 |l 0 |o snkČSD 2157/2000/2 |p 17A0360558 |r 2005-01-02 00:00:00 |t č. 8-15 |w 2026-02-21 |y PREZ | ||
| 952 | |0 0 |1 0 |4 0 |7 0 |a SNK |b SNK |d 2002-10-17 |i snkČSP 428/2002 |l 0 |o snkČSD 2157/2000/1 D1 |p 17A0360372 |r 2005-01-02 00:00:00 |t č. 1-7 |w 2026-02-21 |y PREZ | ||
| 952 | |0 0 |1 0 |4 0 |7 0 |a SNK |b SNK |d 2003-10-02 |i snkČSP 1618/2001 |l 0 |o snkČSD 2157/1999/1 D1 |p 17A0397730 |r 2005-01-02 00:00:00 |t č. 1-7 |w 2026-02-21 |y PREZ | ||


